000 00536nam a2200193Ia 4500
003 GCL
008 140319s9999 xx 000 0 ara d
040 _aGCL /
_cGCL
082 0 4 _a814.008
_bا ط
100 1 _aانيس منصور
245 1 0 _aطلع البدر علينا /
_cانيس منصور
260 _a[S.N] :
_bدار الشروق ،
_c1988
300 _a163 ص
490 _a
650 0 4 _aالادب العربى
650 0 4 _aالنثر العربى
650 0 4 _aالمقالات العربية
942 _2ddc
_cBK
999 _c54281
_d54281